00656 2200217 4500001002100000005001500021035002000036007000300056008004100059020001800100082001000118084001600128100001900144245006900163260003100232500011600263650001600379700001800395856001700413990000800430INLIS00000000000016120220217065006 a0010-0222000039ta220217 g 0 ind  a9786020935379 a297.5 a297.5 ZUL a0 aZulfikri Tamin1 aAkhlak ynag mulia :bBimbingan akhlak sesuai tuntunan Rasulullah aJakarta :bErlangga,c2015 aBuku ini mengulas akhlak yang mulia dari kacamata islam di tengah merebaknya degradasi moral yang semakin parah 4aEtika Islam0 aAfrizal Nasir aKoleksi Umum a427